000 00860nam a22003017a 4500
001 BR0002139
003 BR-BrBNA
005 20230928100639.0
007 ta
008 230509b bl.||||| |||| 00| 0 por d
040 _aBR-BrBNA
_bpor
_cBiblioteca Nacional de Agricultura
041 _a(Por)
072 _aL02
_b5212
_b1910
090 _ 5212 BR0002139
100 1 _aViana, J.A.C.
110 1 _aUniversidade Federal de Minas Gerais, Belo Horizonte (Brasil)
_910835
245 1 _aComplementacao e suplementacao de bovinos em pastagem no Brasil
260 3 _aBelo Horizonte, MG (Brasil):
_c1978.
300 _a28 p.
500 _a6 tables; Bibliography p. 18-26
650 _aBovino
650 _aPastagem
650 _aSuplemento Mineral
650 _aDieta
650 _aGanho de Peso
909 _a202309
_bLucia
_c55
_dLucia Elande
942 _cBK
999 _c62180
_d62180